i wish i hated you by Ariana Grande lyrics - Statistics

General Stats
  • This quiz has been taken 26 times
  • The average score is 173 of 202
Answer Stats
Lyrics % Correct
a
100%
I
100%
you
100%
And
92%
and
92%
be
92%
could
92%
did
92%
easy
92%
guilty
92%
hated
92%
how
92%
if
92%
If
92%
matter
92%
me
92%
no
92%
things
92%
to
92%
we
92%
wish
92%
Wish
92%
boxes
85%
But
85%
close
85%
feel
85%
in
85%
it
85%
saying
85%
shoes
85%
still
85%
the
85%
true
85%
try
85%
want
85%
was
85%
were
85%
weren't
85%
Yeah
85%
Your
85%
your
85%
closet
77%
learn
77%
made
77%
my
77%
our
77%
Our
77%
parallel
77%
place
77%
send
77%
them
77%
way
77%
worse
77%
all
69%
brings
69%
clothes
69%
different
69%
endings
69%
Hoping
69%
Hung
69%
keep
69%
life
69%
new
69%
one
69%
pain
69%
shadows
69%
So
69%
so
69%
far
62%
Just
62%
only
62%
plane
62%
that
62%
two
62%
from
54%
had
54%
known
54%
memories
54%
rearrange
54%
repair
54%
start
54%
yet
54%
dance
46%
rewrite
46%
there
46%
No matching quizzes found
Score Distribution
Percent of People with Each Score
Percentile by Number Answered
Your Score History
You have not taken this quiz